Sports Quiz

Random Sports or NFL Quiz
Score 0/26 Timer 08:00
0 Plays Today
AV: Player: % Correct
255Tom Brady
99.6%
190Drew Brees
99.3%
177Philip Rivers
98.9%
157Aaron Rodgers
98.5%
150Matt Ryan
98.5%
171Ben Roethlisberger
98.1%
150Eli Manning
98.1%
109Cam Newton
97%
106Joe Flacco
96.7%
100Matthew Stafford
95.9%
100Russell Wilson
95.6%
121Larry Fitzgerald
95.2%
88Julio Jones
92.6%
AV: Player: % Correct
92J.J. Watt
91.9%
140Terrell Suggs
84.4%
124Antonio Gates
83%
82Luke Kuechly
81.1%
99Julius Peppers
70%
91Kyle Williams
70%
70Gerald McCoy
65.9%
87Geno Atkins
62.6%
89Thomas Davis
60%
83Jason Peters
58.9%
86Marshall Yanda
54.4%
82Ryan Kalil
41.5%
53Johnathan Joseph
25.6%
Remove Ads.
Support Sporcle.
Get the best of Sporcle when you Go Orange. This ad-free experience offers more features, more stats, and more fun while also helping to support Sporcle. Thank you for becoming a member.

You're not logged in!

Compare scores with friends on all Sporcle quizzes.
OR
Log In

Show Comments

Extras

Top Quizzes Today


Score Distribution

Your Account Isn't Verified!

In order to create a playlist on Sporcle, you need to verify the email address you used during registration. Go to your Sporcle Settings to finish the process.

Report this User

Report this user for behavior that violates our Community Guidelines.

Details: